000
00321nam a2200133Ia 4500
005
20260328101448.0
008
260328s9999||||xx |||||||||||||| ||und||
100
_a
Zumthor, Peter
245
0
_a
Pensar la Arquitectura /
_c
Peter Zumthor
260
_b
Gustavo Gili
300
_a
95 p.
650
_a
ARQUITECTURA
942
_c
BK
999
_c
8552
_d
8552